| 000 | 01021nam a2200241 a 4500 | ||
|---|---|---|---|
| 001 | 53655 | ||
| 003 | BD-RjUL | ||
| 005 | 20211209080009.0 | ||
| 008 | 221016b1969 bg ||||| |||| 00| 0 ben d | ||
| 020 | _c: TK. 6.50 | ||
| 035 | _a(BD-RjUL)53777 | ||
| 040 |
_aBD-RjUL _bben _cBD-RjUL |
||
| 041 | _aben | ||
| 082 |
_223 _a891.4409 _bISM 1969 |
||
| 100 |
_aইসলাম, মুস্তাফা নূরউল _9146693 |
||
| 245 | 1 | 0 |
_aমুসলিম বাংলা সাহিত্য পাঠ পরিক্রমা / _cমুস্তাফা নূরউল ইসলাম |
| 250 | _aপরিবর্ধিত ২য় সং. | ||
| 260 |
_aঢাকা : _bপাকিস্তান বুক করপোরেশন, _c১৯৬৯ |
||
| 300 |
_a[১৮] ১৮৮ পৃ. ; _c২২ সেমি. |
||
| 650 |
_aবাংলা সাহিত্য _xইতিহাস ও সমালোচনা _9146694 |
||
| 650 |
_aBengali Literature _xHistory and Criticism _9122631 |
||
| 942 |
_2ddc _cBK |
||
| 999 |
_c53655 _d53655 |
||